[Event "C.to Provinciale MO"]
[Site "Modena ITA"]
[Date "2009.12.12"]
[Round "3"]
[White "Andreolini, Mauro"]
[Black "Vincenzi, Marco"]
[Result "1/2-1/2"]
[WhiteElo "2157"]
[BlackElo "2078"]
[PlyCount "87"]
[EventDate "2009.12.11"]

1. d4 Nf6 2. c4 c5 3. d5 e6 4. Nc3 exd5 5. cxd5 d6 6. e4 g6 7. Nf3 Bg7 8. Be2
O-O 9. O-O a6 10. a4 Bg4 11. Nd2 Bxe2 12. Qxe2 Nbd7 13. Nc4 Nb6 14. Ne3 Qe7 15.
a5 Nbd7 16. Nc4 Rae8 17. f3 Nh5 18. g4 Bd4+ 19. Kh1 Ng7 20. Bf4 Ne5 21. Rae1 g5
22. Bd2 Nxc4 23. Qxc4 Be5 24. b4 cxb4 25. Qxb4 Rc8 26. Rc1 Rc7 27. Ne2 Rfc8 28.
Rxc7 Rxc7 29. Rc1 Rxc1+ 30. Bxc1 h5 31. gxh5 Nxh5 32. Qc4 Qd7 33. Kg2 f6 34.
Bd2 Kg7 35. Nd4 Bxd4 36. Qxd4 Qb5 37. Kf2 Kg6 38. Qb4 Qd3 39. Qc3 Qb1 40. Qc1
Qa2 41. Ke3 Nf4 42. Qc8 Qb3+ 43. Kf2 Qb2 44. Qg8+ 1/2-1/2

[Event "C.to Provinciale MO"]
[Site "Modena ITA"]
[Date "2009.12.12"]
[Round "3"]
[White "Balboni, Lamberto"]
[Black "Frigieri, Fabrizio"]
[Result "0-1"]
[WhiteElo "1885"]
[BlackElo "2130"]
[PlyCount "88"]
[EventDate "2009.12.11"]

1. e4 c5 2. Nf3 Nc6 3. d4 cxd4 4. Nxd4 Nf6 5. Nc3 d6 6. Bc4 e6 7. Be3 a6 8. Qe2
Qc7 9. Bb3 Na5 10. O-O-O b5 11. f3 Nd7 12. Bxe6 fxe6 13. Nxe6 Qc4 14. Qxc4 Nxc4
15. Nc7+ Kd8 16. Nxa8 Nxe3 17. Rd3 g6 18. g3 Nc4 19. Nd5 Nde5 20. Rb3 Bb7 21.
Nac7 Kd7 22. a4 Bh6+ 23. f4 Rc8 24. Kd1 Nf7 25. axb5 Rxc7 26. Nxc7 Kxc7 27. Rc3
axb5 28. b3 Bg7 29. e5 Bxh1 30. bxc4 dxe5 31. cxb5+ Kb6 32. fxe5 Bxe5 33. Rb3
Nd6 34. Ke2 Bd5 35. Re3 Nc4 36. Rb3 Be4 37. Kd1 Kc5 38. h4 h5 39. Ke1 Bf5 40.
Kd1 Bg4+ 41. Ke1 Bd7 42. Ke2 Bxb5 43. Kf2 Ba4 44. Rb1 Bxc2 0-1

[Event "C.to Provinciale MO"]
[Site "Modena ITA"]
[Date "2009.12.12"]
[Round "3"]
[White "Cambi, Enrico"]
[Black "Landi, Filippo"]
[Result "1/2-1/2"]
[WhiteElo "1539"]
[BlackElo "1491"]
[PlyCount "72"]
[EventDate "2009.12.11"]

1. e4 e5 2. Nc3 Nc6 3. Bc4 Bc5 4. d3 d6 5. f4 f6 6. f5 Qe7 7. Qh5+ Kd8 8. Bxg8
Rxg8 9. Nd5 Qf8 10. c3 h6 11. Nf3 Bd7 12. b4 Bb6 13. a4 a6 14. Nxb6 cxb6 15.
Be3 Kc7 16. Nd2 Be8 17. Qh3 Bf7 18. Ke2 Qe8 19. Rhc1 b5 20. a5 Kd7 21. Bb6 Rc8
22. Rab1 Ke7 23. Qe3 Nb8 24. c4 Nd7 25. cxb5 Rxc1 26. Rxc1 axb5 27. Rc7 Qb8 28.
d4 Rc8 29. Rxc8 Qxc8 30. dxe5 Nxe5 31. Bd4 Nc4 32. Qc3 Qc6 33. Kf3 Nxd2+ 34.
Qxd2 Qc4 35. Qc3 Qxc3+ 36. Bxc3 g6 1/2-1/2

[Event "C.to Provinciale MO"]
[Site "Modena ITA"]
[Date "2009.12.12"]
[Round "3"]
[White "Castelli, Antonio"]
[Black "Venturelli, Ester"]
[Result "1-0"]
[WhiteElo "1749"]
[BlackElo "1557"]
[PlyCount "107"]
[EventDate "2009.12.11"]

1. e4 e5 2. f4 d6 3. Nf3 Nc6 4. fxe5 dxe5 5. Nc3 Nf6 6. d3 Bc5 7. Na4 Bd6 8.
Bg5 O-O 9. Be2 Bd7 10. Nc3 Nd4 11. Nxd4 exd4 12. Nd5 Be7 13. Nxe7+ Qxe7 14. O-O
Kh8 15. Rf2 Qe5 16. Bxf6 gxf6 17. Bg4 Be6 18. Bf5 Rg8 19. Qh5 Rg7 20. Raf1 Rag8
21. g3 Qc5 22. Qh3 Qe5 23. Kh1 Rf8 24. Rf4 Bxf5 25. Qxf5 Qxf5 26. Rxf5 Rg6 27.
Rxf6 Kg7 28. R6f4 Rc6 29. R1f2 Ra6 30. a3 Rb6 31. b3 Re6 32. Kg2 Re5 33. Rf5 f6
34. Rxe5 fxe5 35. Rxf8 Kxf8 36. Kf3 Kf7 37. Kg4 Kg6 38. h4 h6 39. Kh3 c6 40.
Kg4 b6 41. Kh3 Kf6 42. g4 Kg6 43. Kg3 Kf6 44. Kf3 c5 45. Ke2 a6 46. b4 cxb4 47.
axb4 b5 48. Kd2 Ke6 49. c3 Kd6 50. cxd4 exd4 51. g5 hxg5 52. h5 Ke5 53. h6 Kf6
54. e5+ 1-0

[Event "C.to Provinciale MO"]
[Site "Modena ITA"]
[Date "2009.12.12"]
[Round "3"]
[White "De Biaggi, Paolo"]
[Black "Garofalo, Sergio"]
[Result "1-0"]
[WhiteElo "1878"]
[BlackElo "1833"]
[PlyCount "71"]
[EventDate "2009.12.11"]

1. e4 d5 2. exd5 Qxd5 3. Nc3 Qa5 4. d4 c6 5. Bd3 Nf6 6. h3 g6 7. Nf3 Bg7 8. Bd2
Qd8 9. Qe2 O-O 10. O-O-O a5 11. Ne4 b6 12. g4 Nd5 13. c3 Ba6 14. Bxa6 Nxa6 15.
h4 h6 16. h5 g5 17. Qd3 Nf4 18. Bxf4 gxf4 19. Neg5 hxg5 20. Nxg5 f5 21. gxf5
Bh6 22. Rhg1 f3 23. Kb1 Bxg5 24. Rxg5+ Kf7 25. Qxf3 Qd5 26. Qg4 Rg8 27. Rg1
Rxg5 28. Qxg5 Ke8 29. Qg8+ Kd7 30. Qxa8 Qxf5+ 31. Ka1 Qxf2 32. Qg8 Nc7 33. Qg4+
e6 34. h6 a4 35. Qg8 a3 36. Rg7+ 1-0

[Event "C.to Provinciale MO"]
[Site "Modena ITA"]
[Date "2009.12.12"]
[Round "3"]
[White "Farachi, Francesco"]
[Black "Di Trapani, Davide"]
[Result "1-0"]
[WhiteElo "2103"]
[BlackElo "1913"]
[PlyCount "101"]
[EventDate "2009.12.11"]

1. Nf3 d5 2. g3 Nf6 3. Bg2 c5 4. d4 e6 5. O-O Be7 6. Nbd2 Nbd7 7. b3 O-O 8. Bb2
b6 9. c4 Bb7 10. Rc1 Rc8 11. e3 Rc7 12. Qe2 Qa8 13. Rfd1 Rfc8 14. dxc5 Nxc5 15.
Be5 Rd7 16. Bd4 Rdd8 17. Ne5 Ne8 18. cxd5 Bxd5 19. Bxd5 Rxd5 20. b4 Nd7 21.
Nxd7 Rxd7 22. a3 Bf6 23. Nf3 Bxd4 24. Nxd4 Nf6 25. b5 Rxc1 26. Rxc1 Qf8 27. Rc6
g6 28. Qb2 Ne4 29. Qc2 Nc5 30. h4 Qd8 31. Kg2 Qf8 32. Nb3 Nxb3 33. Qxb3 h5 34.
Qc3 Qg7 35. Rc8+ Kh7 36. Qc6 Rd2 37. Rc7 Qf6 38. Qf3 Qxf3+ 39. Kxf3 Kg7 40.
Rxa7 Ra2 41. Ra6 Kf6 42. e4 Ke5 43. Ke3 Rb2 44. f4+ Kf6 45. Rxb6 Rb3+ 46. Kd4
Rxa3 47. Ra6 Rxg3 48. Ra4 Rg4 49. b6 Rxf4 50. b7 Rxh4 51. b8=Q 1-0

[Event "C.to Provinciale MO"]
[Site "Modena ITA"]
[Date "2009.12.12"]
[Round "3"]
[White "Ferretti, Alessandro"]
[Black "Molinelli, Luigi"]
[Result "1-0"]
[WhiteElo "1941"]
[BlackElo "1077"]
[PlyCount "47"]
[EventDate "2009.12.11"]

1. e4 e6 2. d4 d5 3. Nc3 Bb4 4. e5 c5 5. a3 Bxc3+ 6. bxc3 c4 7. Qg4 g6 8. Nf3
Nc6 9. Be2 Qa5 10. Bd2 Nh6 11. Qf4 Nf5 12. O-O Nce7 13. g4 Qc7 14. gxf5 Nxf5
15. Kh1 Bd7 16. Ng1 Ba4 17. Ra2 Qb6 18. Bg4 O-O 19. Bxf5 exf5 20. Qh6 Rfe8 21.
Bg5 Re6 22. Rb1 Qc6 23. Rxb7 Qxb7 24. Bf6 1-0

[Event "C.to Provinciale MO"]
[Site "Modena ITA"]
[Date "2009.12.12"]
[Round "3"]
[White "Paoli, Walter"]
[Black "Sciortino, Massimo"]
[Result "0-1"]
[WhiteElo "2075"]
[BlackElo "2179"]
[PlyCount "120"]
[EventDate "2009.12.11"]

1. e4 d6 2. d4 g6 3. c3 Bg7 4. h3 Nf6 5. Bd3 O-O 6. Nf3 Nc6 7. O-O e5 8. dxe5
dxe5 9. Bg5 Qe8 10. Bxf6 Bxf6 11. Qe2 Nd8 12. Kh2 Ne6 13. g3 Bd7 14. Rd1 Rd8
15. Nbd2 h5 16. Nc4 Nc5 17. Ne3 Bc6 18. Ng2 Qe7 19. Bc2 Rxd1 20. Rxd1 Rd8 21.
Rxd8+ Qxd8 22. Qc4 Qd6 23. b4 Ne6 24. Ne3 h4 25. Bb3 hxg3+ 26. fxg3 b5 27. Qe2
Bg7 28. Nd5 Bd7 29. Ne3 c6 30. Ng4 a6 31. Nf2 c5 32. a3 c4 33. Bc2 Nd8 34. Qd1
Nb7 35. Qxd6 Nxd6 36. Ng4 f6 37. Kg2 Bc6 38. Nf2 Kf7 39. g4 Ke6 40. Kg3 Bf8 41.
Nh4 Be8 42. Nf3 Be7 43. h4 Bd8 44. Nd1 Bc6 45. Nd2 Bb6 46. h5 gxh5 47. gxh5 Be8
48. Kh4 Bd8 49. Kg4 Nf7 50. Ne3 Nh6+ 51. Kg3 Bxh5 52. a4 Be8 53. axb5 axb5 54.
Nf3 Bc6 55. Ng4 Nxg4 56. Kxg4 Bb6 57. Nh4 Be3 58. Nf3 Bc1 59. Ng1 Bd2 60. Ne2
Kf7 0-1

[Event "C.to Provinciale MO"]
[Site "Modena ITA"]
[Date "2009.12.12"]
[Round "3"]
[White "Serra, Mattia"]
[Black "Di Trapani, Luigi"]
[Result "0-1"]
[WhiteElo "1524"]
[BlackElo "1501"]
[PlyCount "66"]
[EventDate "2009.12.11"]

1. d4 Nf6 2. c4 d6 3. Nc3 g6 4. e4 Bg7 5. f3 O-O 6. Bd3 c5 7. d5 e6 8. Nge2
Nbd7 9. O-O Ne5 10. Bg5 Nxd3 11. Qxd3 a6 12. Rab1 Qc7 13. Rfd1 exd5 14. Nxd5
Nxd5 15. cxd5 f5 16. Rdc1 fxe4 17. fxe4 a5 18. a3 b6 19. b4 axb4 20. axb4 Bg4
21. Bh4 Be5 22. Bf2 Ra2 23. Rc2 Rxc2 24. Qxc2 Bxh2+ 25. Kxh2 Rxf2 26. Re1 Qe7
27. Kg1 Qh4 28. Qd3 Rxg2+ 29. Kxg2 Qxe1 30. Nc3 cxb4 31. Nb5 Qe2+ 32. Qxe2 Bxe2
33. Nd4 Bc4 0-1

[Event "C.to Provinciale MO"]
[Site "Modena ITA"]
[Date "2009.12.12"]
[Round "3"]
[White "Setti, Roberto"]
[Black "Panini, Emanuele"]
[Result "1-0"]
[WhiteElo "1721"]
[BlackElo "1988"]
[PlyCount "67"]
[EventDate "2009.12.11"]

1. c4 e5 2. Nc3 c5 3. Nf3 d6 4. g3 Nc6 5. Bg2 Be7 6. O-O f5 7. d3 g5 8. Nd5 h6
9. a3 a5 10. Bd2 Nf6 11. Nxe7 Kxe7 12. Bc3 Bd7 13. e3 Kf7 14. Ne1 g4 15. Nc2 h5
16. b4 axb4 17. axb4 cxb4 18. Nxb4 Qb6 19. Nd5 Nxd5 20. Bxd5+ Kf6 21. Rb1 Qc7
22. f4 h4 23. fxe5+ dxe5 24. e4 hxg3 25. exf5 Bxf5 26. Rxf5+ Kxf5 27. Be4+ Kg5
28. Bd2+ Kf6 29. Qxg4 gxh2+ 30. Kh1 Ke7 31. Qg7+ Kd6 32. Qf6+ Kc5 33. Rb5+ Kd4
34. Qf2# 1-0

[Event "C.to Provinciale MO"]
[Site "Modena ITA"]
[Date "2009.12.12"]
[Round "3"]
[White "Trangoni, Bruno"]
[Black "Decaneto, Erick"]
[Result "1-0"]
[WhiteElo "2015"]
[BlackElo "1685"]
[PlyCount "43"]
[EventDate "2009.12.11"]

1. Nf3 Nf6 2. d4 e6 3. Bf4 b6 4. e3 Bb7 5. Bd3 d5 6. Nbd2 Nbd7 7. h3 c5 8. c3
Be7 9. O-O O-O 10. Rc1 Ne4 11. Bb1 Ndf6 12. Ne5 Bd6 13. Ndf3 cxd4 14. exd4 Rc8
15. Qd3 Qc7 16. Rfe1 Ne8 17. c4 Ba6 18. Qe3 f6 19. cxd5 Qxc1 20. Rxc1 Rxc1+ 21.
Qxc1 fxe5 22. dxe5 1-0

[Event "C.to Provinciale MO"]
[Site "Modena ITA"]
[Date "2009.12.12"]
[Round "3"]
[White "Venturelli, Giuseppe"]
[Black "Del Gaiso, Massimo"]
[Result "0-1"]
[WhiteElo "1518"]
[BlackElo "1614"]
[PlyCount "46"]
[EventDate "2009.12.11"]

1. d4 e5 2. dxe5 f6 3. exf6 Nxf6 4. Nf3 Nc6 5. e3 Bc5 6. Bc4 d6 7. h3 Qe7 8. a3
Bd7 9. Nc3 O-O-O 10. Bd2 Rhf8 11. Qe2 a6 12. O-O-O Ne5 13. Nxe5 Qxe5 14. Qf3
Bc6 15. Qe2 Bxg2 16. Rhg1 Bxh3 17. Rxg7 Ne4 18. Rxh7 Rxf2 19. Qe1 Nxd2 20. Rxh3
Nxc4 21. Qxf2 Bxa3 22. bxa3 Qxc3 23. Qf5+ Kb8 0-1

[Event "C.to Provinciale MO"]
[Site "Modena ITA"]
[Date "2009.12.12"]
[Round "3"]
[White "Verrelli, Adriano"]
[Black "Ferraguti, Francesco"]
[Result "1-0"]
[WhiteElo "1611"]
[BlackElo "1660"]
[PlyCount "143"]
[EventDate "2009.12.11"]

1. e4 e5 2. Nf3 Nf6 3. Nxe5 d6 4. Nxf7 Kxf7 5. d4 Be7 6. Nc3 Be6 7. Qf3 Ke8 8.
e5 dxe5 9. Qxb7 Nbd7 10. dxe5 Nxe5 11. Bb5+ Bd7 12. Bxd7+ Nexd7 13. Nb5 Bb4+
14. c3 Ba5 15. Bf4 Rb8 16. Qc6 Rb6 17. Nxc7+ Qxc7 18. Bxc7 Rxc6 19. Bxa5 Nc5
20. O-O-O Kf7 21. f3 Re8 22. Bb4 Ne6 23. Rhe1 Nf4 24. Rxe8 Kxe8 25. Re1+ Re6
26. Rxe6+ Nxe6 27. Bd6 Kd7 28. Be5 Ne8 29. Kd2 g6 30. b4 Nd6 31. Kd3 Nb7 32. a4
Nbd8 33. Kc4 Nc6 34. Bg3 Nc7 35. b5 Na5+ 36. Kb4 Nb7 37. c4 Ne6 38. Bf2 a5+ 39.
bxa6 Nbd8 40. a7 Nc7 41. Bb6 Nc6+ 42. Kc3 Na8 43. a5 Ne7 44. Kb4 Kc6 45. Kc3
Nf5 46. g3 Ne7 47. Kd4 Nf5+ 48. Ke5 Nd6 49. c5 Nc4+ 50. Kf6 Nd2 51. f4 Nf1 52.
Kg7 Nxh2 53. Kxh7 Nf1 54. g4 Ne3 55. g5 Nd5 56. Kxg6 Nxf4+ 57. Kf5 Nd5 58. g6
Ne7+ 59. Kf6 Nxg6 60. Kxg6 Kd7 61. Kf7 Kc6 62. Ke6 Kb7 63. Kd7 Nxb6+ 64. axb6
Ka8 65. Kd8 Kb7 66. c6+ Ka8 67. c7 Kb7 68. c8=Q+ Kxb6 69. a8=R Kb5 70. Rb8+ Ka5
71. Qc1 Ka6 72. Qa3# 1-0

[Event "C.to Provinciale MO"]
[Site "Modena ITA"]
[Date "2009.12.12"]
[Round "3"]
[White "Zuccaro, Guido"]
[Black "Camerini, Lorenzo"]
[Result "0-1"]
[WhiteElo "1765"]
[BlackElo "2073"]
[PlyCount "31"]
[EventDate "2009.12.11"]

1. c4 e6 2. Nc3 d5 3. cxd5 exd5 4. d3 c6 5. Nf3 g6 6. Bf4 Bg7 7. g3 Ne7 8. Bg2
O-O 9. O-O h6 10. Rc1 Re8 11. b4 a5 12. Qb3 axb4 13. Qxb4 d4 14. Na4 Nd5 15.
Qd6 Nxf4 16. Qxf4 0-1

[Event "C.to Provinciale MO"]
[Site "Modena ITA"]
[Date "2009.12.12"]
[Round "4"]
[White "Camerini, Lorenzo"]
[Black "Setti, Roberto"]
[Result "1-0"]
[WhiteElo "2073"]
[BlackElo "1721"]
[PlyCount "67"]
[EventDate "2009.12.11"]

1. e4 e6 2. d4 d5 3. Nc3 Bb4 4. e5 Ne7 5. a3 Bxc3+ 6. bxc3 c5 7. a4 Nbc6 8. Nf3
Qa5 9. Qd2 O-O 10. Bd3 c4 11. Be2 b5 12. Ba3 bxa4 13. O-O Bd7 14. h4 f6 15.
exf6 Rxf6 16. Ne5 Be8 17. h5 Nf5 18. Nxc6 Bxc6 19. g4 Nh4 20. f4 Rf7 21. Kh2 h6
22. Kg3 Qd8 23. Rh1 g5 24. hxg6 Nxg6 25. Rxh6 Qf6 26. Rf1 Rh7 27. f5 Rxh6 28.
Qxh6 exf5 29. gxf5 Nf4 30. Qxf4 Re8 31. Qg4+ Qg7 32. Qxg7+ Kxg7 33. f6+ Kg6 34.
f7 1-0

[Event "C.to Provinciale MO"]
[Site "Modena ITA"]
[Date "2009.12.12"]
[Round "4"]
[White "De Biaggi, Paolo"]
[Black "Andreolini, Mauro"]
[Result "0-1"]
[WhiteElo "1878"]
[BlackElo "2157"]
[PlyCount "42"]
[EventDate "2009.12.11"]

1. e4 c5 2. f4 d5 3. e5 Nc6 4. Nf3 Bg4 5. Be2 e6 6. O-O Nge7 7. c3 Nf5 8. d3
Be7 9. Na3 O-O 10. Nc2 Qb6 11. h3 Bxf3 12. Rxf3 f6 13. g4 Nh4 14. Re3 fxe5 15.
fxe5 Bg5 16. d4 cxd4 17. cxd4 Rac8 18. Rb3 Qd8 19. Rxb7 Bxc1 20. Rxc1 Qg5 21.
Rb3 Nxd4 0-1

[Event "C.to Provinciale MO"]
[Site "Modena ITA"]
[Date "2009.12.12"]
[Round "4"]
[White "Decaneto, Erick"]
[Black "Panini, Emanuele"]
[Result "1/2-1/2"]
[WhiteElo "1685"]
[BlackElo "1988"]
[PlyCount "128"]
[EventDate "2009.12.11"]

1. d4 d5 2. c4 e6 3. Nc3 Nf6 4. Bg5 Be7 5. Nf3 c6 6. e3 a6 7. a4 Nbd7 8. cxd5
cxd5 9. Be2 O-O 10. O-O h6 11. Bh4 b6 12. Rc1 Bb7 13. Bg3 Nh5 14. Be5 Nxe5 15.
Nxe5 Nf6 16. Nb1 Rc8 17. Rxc8 Qxc8 18. Qc1 Bd6 19. Nd3 Nd7 20. Qxc8 Rxc8 21.
Rc1 f5 22. Rxc8+ Bxc8 23. Nc3 Kf7 24. b4 Nb8 25. g3 Ke7 26. Kg2 Bd7 27. b5 a5
28. Kf3 Be8 29. Kg2 Nd7 30. f4 g5 31. Ne5 Nxe5 32. fxe5 Ba3 33. Kf2 Kf8 34. Bf3
Be7 35. h3 Bb4 36. Na2 Be7 37. Nc3 Kg7 38. Ne2 Kg6 39. g4 fxg4 40. hxg4 Bb4 41.
Ng3 Kg7 42. Ke2 Bg6 43. e4 dxe4 44. Nxe4 Bxe4 45. Bxe4 Kf7 46. Kd3 Ke7 47. Kc4
Ba3 48. Bf3 Kd7 49. Kd3 Ke7 50. Ke4 Kd7 51. Bd1 Ke7 52. Bb3 Kf7 53. d5 exd5+
54. Bxd5+ Kg6 55. Be6 h5 56. Bf5+ Kh6 57. gxh5 Kxh5 58. Kd5 Kh6 59. Kc6 Bc5 60.
e6 Kg7 61. Bg4 Kf8 62. Kd5 Ke7 63. Ke5 Bb4 64. Kf5 Bd2 1/2-1/2

[Event "C.to Provinciale MO"]
[Site "Modena ITA"]
[Date "2009.12.12"]
[Round "4"]
[White "Del Gaiso, Massimo"]
[Black "Garofalo, Sergio"]
[Result "0-1"]
[WhiteElo "1614"]
[BlackElo "1833"]
[PlyCount "80"]
[EventDate "2009.12.11"]

1. e4 e5 2. d4 Nc6 3. Nf3 exd4 4. c3 dxc3 5. Nxc3 Bc5 6. Bc4 h6 7. O-O d6 8.
Re1 Be6 9. Bb5 Nge7 10. Bf4 O-O 11. Qd2 Ng6 12. Bg3 Nce5 13. Nd4 Bg4 14. Be2 c6
15. Na4 Bxd4 16. Qxd4 b5 17. Nc3 Qe7 18. f4 c5 19. Qf2 Bxe2 20. Qxe2 Nc6 21.
Nxb5 Rab8 22. Nc3 Qb7 23. Rab1 Rfe8 24. f5 Nge5 25. Qh5 Kh7 26. Nd5 f6 27. Bf4
Qf7 28. Qh4 Rf8 29. Re3 Nb4 30. Bxh6 gxh6 31. Rh3 Ng4 32. Qxg4 Nxd5 33. Qh4 Qg7
34. exd5 Qg5 35. Qa4 Rf7 36. Rf1 Rb4 37. Qe8 Rg7 38. Qe2 Qg4 39. Rff3 Re4 40.
Qf2 Re1+ 0-1

[Event "C.to Provinciale MO"]
[Site "Modena ITA"]
[Date "2009.12.12"]
[Round "4"]
[White "Di Trapani, Davide"]
[Black "Trangoni, Bruno"]
[Result "1/2-1/2"]
[WhiteElo "1913"]
[BlackElo "2015"]
[PlyCount "94"]
[EventDate "2009.12.11"]

1. e4 g6 2. d4 Bg7 3. Nc3 d6 4. Bc4 Nf6 5. Bg5 a6 6. a4 O-O 7. Nge2 Nc6 8. Ba2
h6 9. Bh4 e5 10. d5 Ne7 11. f3 Nh5 12. O-O g5 13. Bf2 Ng6 14. a5 Nhf4 15. Nxf4
Nxf4 16. Ne2 f5 17. Nxf4 gxf4 18. Bc4 Qg5 19. Be2 Kh8 20. Kh1 Rg8 21. c4 Bf6
22. Rg1 Qg6 23. Qc2 Bd7 24. b4 Qh5 25. Rgb1 Rg5 26. Bf1 Rag8 27. Ra3 Qg6 28.
Bg1 Rg3 29. Rab3 Ba4 30. exf5 Qh5 31. b5 Qh3 32. Qd2 Bxb3 33. Rxb3 Qh5 34. b6
cxb6 35. Rxb6 Qxf3 36. Rxd6 Qxf1 37. Rxf6 Rd3 38. Qb2 Rg7 39. Rxh6+ Kg8 40. f6
Rd1 41. Rh8+ Kxh8 42. fxg7+ Kxg7 43. Qxe5+ Kg6 44. Qe6+ Kg7 45. Qe7+ Kg6 46.
Qd6+ Kf5 47. Qe6+ Kg5 1/2-1/2

[Event "C.to Provinciale MO"]
[Site "Modena ITA"]
[Date "2009.12.12"]
[Round "4"]
[White "Di Trapani, Luigi"]
[Black "Zuccaro, Guido"]
[Result "1-0"]
[WhiteElo "1501"]
[BlackElo "1765"]
[PlyCount "69"]
[EventDate "2009.12.11"]

1. d4 d5 2. c4 c6 3. c5 Bf5 4. Nf3 Nf6 5. e3 g6 6. h3 Bg7 7. Nh4 Bd7 8. Bd3 O-O
9. O-O Re8 10. Nf3 Bc8 11. b4 Nbd7 12. Bb2 Ne4 13. a4 Kh8 14. Bxe4 dxe4 15. Ng5
Kg8 16. Nxe4 Nf6 17. Nbd2 Nd5 18. b5 Rb8 19. Nc4 Bf5 20. Ng3 Bd7 21. Qb3 a6 22.
b6 Qc8 23. Kh2 h5 24. Ne4 Bf5 25. f3 Bh6 26. Ng3 Be6 27. Qd3 Nb4 28. Qb3 Nd5
29. Qa3 Rd8 30. a5 h4 31. Ne4 f5 32. Nf2 Nf4 33. Ne5 Ne2 34. Nxg6 f4 35. Nxe7+
1-0

[Event "C.to Provinciale MO"]
[Site "Modena ITA"]
[Date "2009.12.12"]
[Round "4"]
[White "Dionigi, Riccardo"]
[Black "Cambi, Enrico"]
[Result "1-0"]
[WhiteElo "1828"]
[BlackElo "1539"]
[PlyCount "109"]
[EventDate "2009.12.11"]

1. d4 Nf6 2. c4 c5 3. d5 e6 4. dxe6 fxe6 5. Nc3 d5 6. Bg5 d4 7. Bxf6 Qxf6 8.
Nb5 Qd8 9. e4 a6 10. Qh5+ Kd7 11. Na3 Qa5+ 12. Kd1 Qd8 13. Nf3 Bd6 14. e5 Be7
15. Qf7 Qf8 16. Qxf8 Rxf8 17. Bd3 h6 18. Nc2 Nc6 19. a3 b6 20. Be4 Rb8 21. Rb1
Bb7 22. Re1 Na5 23. Bxb7 Rxb7 24. b3 Nc6 25. Ke2 Rbb8 26. Kd3 Nd8 27. b4 Nf7
28. h4 Nh8 29. Re4 Nf7 30. Nce1 g5 31. hxg5 Bxg5 32. Rg4 a5 33. Ke2 axb4 34.
axb4 Kc7 35. Nd3 Kc6 36. Nd2 h5 37. Rg3 h4 38. Rg4 Be7 39. Ne4 Nd8 40. bxc5 b5
41. Nb4+ Kb7 42. cxb5 Kc8 43. Na6 Ra8 44. Rg7 Rf7 45. Rxf7 Nxf7 46. Nd6+ Nxd6
47. cxd6 Bd8 48. Kd3 Ra7 49. Rc1+ Kb7 50. Rc6 Ra8 51. d7 Bb6 52. Rxe6 Rd8 53.
Re7 Ba7 54. e6 Bb6 55. Re8 1-0

[Event "C.to Provinciale MO"]
[Site "Modena ITA"]
[Date "2009.12.12"]
[Round "4"]
[White "Franchini, Gabriele"]
[Black "Ferretti, Alessandro"]
[Result "1-0"]
[WhiteElo "2179"]
[BlackElo "1941"]
[PlyCount "81"]
[EventDate "2009.12.11"]

1. f4 Nc6 2. Nf3 d6 3. d4 e5 4. dxe5 Bg4 5. exd6 Bxf3 6. exf3 Bxd6 7. Nc3 Qh4+
8. g3 Qh5 9. Qd5 Qxd5 10. Nxd5 O-O-O 11. Be3 Bb4+ 12. Nxb4 Nxb4 13. Bh3+ Kb8
14. Rd1 Nxc2+ 15. Kf2 Re8 16. Bc5 b6 17. Rd2 bxc5 18. Rxc2 Rd8 19. Re1 Nf6 20.
Rxc5 Rd2+ 21. Re2 Rxe2+ 22. Kxe2 Rd8 23. Rb5+ Ka8 24. Re5 Nd5 25. Bf5 f6 26.
Rxd5 Rxd5 27. Be4 c6 28. Bxd5 cxd5 29. Kd3 Kb7 30. Kd4 Kc6 31. f5 a6 32. b3 h6
33. h3 h5 34. h4 a5 35. a3 Kd6 36. b4 axb4 37. axb4 Kc6 38. g4 Kb5 39. gxh5
Kxb4 40. Kxd5 Kc3 41. Ke6 1-0

[Event "C.to Provinciale MO"]
[Site "Modena ITA"]
[Date "2009.12.12"]
[Round "4"]
[White "Frigieri, Fabrizio"]
[Black "Paoli, Walter"]
[Result "1-0"]
[WhiteElo "2130"]
[BlackElo "2075"]
[PlyCount "33"]
[EventDate "2009.12.11"]

1. e4 d5 2. exd5 Qxd5 3. Nc3 Qa5 4. d4 Nf6 5. Bc4 c6 6. Bd2 Bg4 7. f3 Bf5 8. g4
Bg6 9. Nge2 e6 10. h4 h6 11. Nf4 Bh7 12. Qe2 Bb4 13. O-O-O Nbd7 14. g5 hxg5 15.
hxg5 Bxc3 16. Bxc3 Qxg5 17. Bd2 1-0

[Event "C.to Provinciale MO"]
[Site "Modena ITA"]
[Date "2009.12.12"]
[Round "4"]
[White "Landi, Filippo"]
[Black "Verrelli, Adriano"]
[Result "1-0"]
[WhiteElo "1491"]
[BlackElo "1611"]
[PlyCount "133"]
[EventDate "2009.12.11"]

1. e4 c6 2. d4 d5 3. Nc3 dxe4 4. Nxe4 Nd7 5. Nf3 Ngf6 6. Ng3 g6 7. c3 Bg7 8.
Bd3 Qc7 9. Qb3 Nd5 10. Bc4 N7b6 11. Bxd5 Nxd5 12. O-O O-O 13. h3 Nf4 14. Re1
Be6 15. Qc2 Rfe8 16. Bd2 Bd5 17. Ne5 Nxg2 18. Re2 Nh4 19. c4 Bxe5 20. dxe5 Be6
21. Qe4 Nf5 22. Nxf5 Bxf5 23. Qf3 Rad8 24. Bh6 Rd3 25. Re3 Red8 26. Rae1 Rxe3
27. Rxe3 Qd7 28. h4 Qd1+ 29. Qxd1 Rxd1+ 30. Kg2 Rd4 31. Kg3 Rxc4 32. f3 e6 33.
Ra3 f6 34. exf6 Kf7 35. Bg7 Rb4 36. Rxa7 Rxb2 37. Ra8 g5 38. hxg5 c5 39. g6+
Kxg6 40. f7 Kxf7 41. Bxb2 b5 42. Rb8 Bd3 43. Rc8 Ke7 44. Rxc5 Kd6 45. Rc8 Kd7
46. Rc1 Ke8 47. Kf4 Kf7 48. Kg5 Ke7 49. a3 Bf5 50. Rc5 Bd3 51. Be5 Kf7 52. Rc7+
Ke8 53. Kf6 Bf5 54. Rb7 Kd8 55. Rxb5 Kd7 56. Rb4 Kc6 57. Rd4 Bh3 58. f4 h5 59.
Kg5 Bg4 60. Rd2 Kc5 61. Rg2 Bf3 62. Rg3 Bd1 63. Kf6 Bg4 64. Rxg4 hxg4 65. Kxe6
g3 66. f5 g2 67. Bh2 1-0

[Event "C.to Provinciale MO"]
[Site "Modena ITA"]
[Date "2009.12.12"]
[Round "4"]
[White "Molinelli, Luigi"]
[Black "Castelli, Antonio"]
[Result "0-1"]
[WhiteElo "1077"]
[BlackElo "1749"]
[PlyCount "104"]
[EventDate "2009.12.11"]

1. d4 d5 2. c4 dxc4 3. Nf3 c5 4. e3 cxd4 5. exd4 e6 6. Bxc4 Nf6 7. O-O Be7 8.
Nc3 O-O 9. a3 Nc6 10. Ba2 Nd5 11. Nxd5 exd5 12. Be3 Be6 13. Rc1 Rc8 14. Bb1 Bf6
15. Qd2 Qb6 16. Rcd1 Qa5 17. Qd3 g6 18. Bh6 Bg7 19. Bxg7 Kxg7 20. Qe2 Rfe8 21.
Ne5 Nxe5 22. Qxe5+ Kg8 23. Qe3 Bf5 24. Qh6 Bxb1 25. Rxb1 Rc2 26. Qf4 Qd2 27.
Qxd2 Rxd2 28. Rfe1 Rxe1+ 29. Rxe1 Rxb2 30. Kf1 f6 31. g3 Kf7 32. Rc1 Ke6 33.
Rc7 h5 34. Kg2 Rb3 35. h4 Rxa3 36. Rxb7 Ra4 37. Kf3 Rxd4 38. Rxa7 Rc4 39. Ra1
Rc6 40. Ra3 Kf5 41. Ke3 g5 42. Kd4 gxh4 43. gxh4 Rc4+ 44. Kxd5 Rxh4 45. Rf3+
Rf4 46. Rh3 h4 47. f3 Kg5 48. Ke6 Rb4 49. Kd5 Rb1 50. f4+ Kg4 51. Rh2 h3 52.
Rf2 Kg3 0-1

[Event "C.to Provinciale MO"]
[Site "Modena ITA"]
[Date "2009.12.12"]
[Round "4"]
[White "Sciortino, Massimo"]
[Black "Farachi, Francesco"]
[Result "1/2-1/2"]
[WhiteElo "2179"]
[BlackElo "2103"]
[PlyCount "92"]
[EventDate "2009.12.11"]

1. e4 e5 2. Nf3 Nf6 3. Nxe5 d6 4. Nf3 Nxe4 5. Nc3 Nxc3 6. dxc3 Be7 7. Bf4 Nc6
8. Qd2 Bg4 9. Be2 Qd7 10. O-O-O O-O-O 11. h3 Bh5 12. Kb1 Kb8 13. Rhe1 Rhe8 14.
g4 Bg6 15. Bb5 h5 16. Ne5 dxe5 17. Qxd7 Rxd7 18. Rxd7 Kc8 19. Bxc6 bxc6 20.
Rxe7 Rxe7 21. Rxe5 Rxe5 22. Bxe5 hxg4 23. hxg4 f6 24. Bd4 a6 25. Bc5 Be4 26.
Bf8 g6 27. Bg7 Bf3 28. Bxf6 Bxg4 29. Kc1 Kd7 30. Be5 c5 31. c4 Be6 32. b3 Bf5
33. Kd2 Be4 34. c3 Bf5 35. Bf4 Be4 36. Be3 Kd6 37. b4 cxb4 38. cxb4 Bf5 39. Kc3
Bg4 40. Kd4 Be2 41. a4 Bd1 42. b5 axb5 43. axb5 Kd7 44. Kc5 Bf3 45. Kb4 c6 46.
b6 Be4 1/2-1/2

[Event "C.to Provinciale MO"]
[Site "Modena ITA"]
[Date "2009.12.12"]
[Round "4"]
[White "Venturelli, Ester"]
[Black "Serra, Mattia"]
[Result "1/2-1/2"]
[WhiteElo "1557"]
[BlackElo "1524"]
[PlyCount "45"]
[EventDate "2009.12.11"]

1. e4 c6 2. d4 d5 3. e5 Bf5 4. Bd3 Bg6 5. Nf3 e6 6. Bf4 Nd7 7. Bxg6 hxg6 8.
Nbd2 Qb6 9. Qc1 c5 10. Be3 cxd4 11. Bxd4 Bc5 12. c3 Ne7 13. Nb3 Bxd4 14. Nbxd4
Nc6 15. Nxc6 bxc6 16. O-O O-O 17. Qd2 Rab8 18. b3 Qc7 19. Qe3 c5 20. Rfe1 Rfc8
21. Ng5 Nf8 22. Qd2 c4 23. b4 1/2-1/2